000 01163nam0a22002771 4500
001 v19\rc\1672618
005 20251118095608.0
035 _a(NLR Aleph) 004779875
090 _a4669386
_c4669386
100 _a20061002d1893 u y0rusy50 ca
101 0 _arus
102 _aRU
105 _aa z |||||
200 1 _aКонспект стратегии
_eСев. война 1700-1721 г.
_eСхемы к походам Густава Адольфа
_eК лекциям засл. проф. Ген. штаба ген.-майора Сухотина
210 _a[Санкт-Петербург]
_cлит. Михайл. арт. акад. и уч-ща
_d1893
215 _a[2], 38, 12 с.
_cсхем.
_d34
309 _aНаписано от руки. Литогр.
700 1 _aСухотин
_bН. Н.
_f1847-1918
_gНиколай Николаевич
702 0 _4570
_7ca
_8rus
_aГустав
_cкороль шведский
_dII Адольф
_f1594-1632
_9234550
_3RU\NLR\AUTH\770234606
801 0 _aRU
_bNLR
_gpsbo
801 0 _aRU
_bRuMoRGB
_2psbo
801 1 _aRU
_bProSoft-M
_2rusmarc
852 _aNLR
_jК 3-Евр 7/505
942 _cBOOK
980 _aNB